National statistics on the index of production and the index of construction (Record no. 114476)
[ view plain ]
| 000 -LEADER | |
|---|---|
| fixed length control field | 01319cad a22002175a 4500 |
| 001 - CONTROL NUMBER | |
| control field | L156898 |
| 008 - FIXED-LENGTH DATA ELEMENTS--GENERAL INFORMATION | |
| fixed length control field | 120730s2012 xxk f 000 0 eng d |
| 035 ## - SYSTEM CONTROL NUMBER | |
| System control number | (Sirsi) u156898 |
| 041 0# - LANGUAGE CODE | |
| Language code of text/sound track or separate title | eng |
| 110 2# - MAIN ENTRY--CORPORATE NAME | |
| Corporate name or jurisdiction name as entry element | Wales |
| Subordinate unit | Welsh Assembly Government |
| 245 00 - TITLE STATEMENT | |
| Title | National statistics on the index of production and the index of construction |
| Remainder of title | quarter 4, 2011 |
| Medium | [electronic resource] |
| 260 ## - PUBLICATION, DISTRIBUTION, ETC. | |
| Place of publication, distribution, etc. | Cardiff |
| Name of publisher, distributor, etc. | Welsh Assembly Government |
| Date of publication, distribution, etc. | 2012 |
| 490 #0 - SERIES STATEMENT | |
| Series statement | National Statistics on the Index of Production and the Index of Construction |
| Volume/sequential designation | (SDR 59/2012) 10 April 2012 |
| 520 ## - SUMMARY, ETC. | |
| Summary, etc. | Key points from this release are the longer term trend for the Index of Production for Wales shows a fall of 2.0% when comparing the latest four quarters to the previous four quarters. UK output also fell, down 1.2%. The short term quarterly movements also show falls for both Wales and the UK (down 3.9% and 1.3% respectively). Also, the longer term trend for the Index of Construction for Wales shows a rise of 5.8% when comparing the latest four quarters to the previous four quarters. |
| 590 ## - LOCAL NOTE (RLIN) | |
| Local note | KA |
| 651 #4 - SUBJECT ADDED ENTRY--GEOGRAPHIC NAME | |
| Geographic name | Wales |
| Chronological subdivision | 2007- |
| 651 #4 - SUBJECT ADDED ENTRY--GEOGRAPHIC NAME | |
| Geographic name | United Kingdom |
| Chronological subdivision | |
| 690 ## - LOCAL SUBJECT ADDED ENTRY--TOPICAL TERM (OCLC, RLIN) | |
| Topical term or geographic name as entry element | Construction management |
| 9 (RLIN) | 6230 |
| 856 40 - ELECTRONIC LOCATION AND ACCESS | |
| Uniform Resource Identifier | <a href="https://wales.gov.uk/docs/statistics/2012/120410sdr592012en.pdf">https://wales.gov.uk/docs/statistics/2012/120410sdr592012en.pdf</a> |
| Public note | View the item free of charge at wales.gov.uk |
| 942 ## - ADDED ENTRY ELEMENTS (KOHA) | |
| Suppress in OPAC | 0 |
| Withdrawn status | Lost status | Source of classification or shelving scheme | Damaged status | Not for loan | Home library | Current library | Shelving location | Date acquired | Total Checkouts | Full call number | Barcode | Date last seen | Copy number | Price effective from | Koha item type |
|---|---|---|---|---|---|---|---|---|---|---|---|---|---|---|---|
| Dewey Decimal Classification | Virtual | Virtual | Online | 30/07/2012 | ONLINE PUBLICATION | 156898-2001 | 06/08/2019 | 1 | 06/08/2019 | Book |